| 000 | 00688cam a22002293a 4500 | ||
|---|---|---|---|
| 001 | 19346 | ||
| 003 | PGUSA | ||
| 005 | 20140828083417.0 | ||
| 008 | 060922s2006||||xxu|||||s|||||000 | eng d | ||
| 040 |
_aPGUSA _beng |
||
| 042 | _adc | ||
| 050 | 4 | _aPE | |
| 100 | 1 |
_aSwinton, William, _d1833-1892 |
|
| 245 | 1 | 0 |
_aNew Word-Analysis : _bOr, School Etymology of English Derivative Words _h[electronic resource] / _cWilliam Swinton |
| 260 |
_bProject Gutenberg, _c2006 |
||
| 506 | _aPublic domain in the USA. | ||
| 516 | _aElectronic text | ||
| 653 | _aEnglish language -- Etymology | ||
| 830 | 0 |
_aProject Gutenberg _v19346 |
|
| 856 | 4 | 0 | _uhttp://www.gutenberg.org/ebooks/19346 |
| 942 | _cEB | ||
| 999 |
_c248601 _d248601 |
||